Science as power : (Record no. 122772)
[ view plain ]
| 000 -LEADER | |
|---|---|
| fixed length control field | 00997cam a2200325 a 4500 |
| 001 - CONTROL NUMBER | |
| control field | 4489091 |
| 005 - DATE AND TIME OF LATEST TRANSACTION | |
| control field | 20150427172809.0 |
| 008 - FIXED-LENGTH DATA ELEMENTS--GENERAL INFORMATION | |
| fixed length control field | 881027s1988 mnu b s001 0 eng |
| 010 ## - LIBRARY OF CONGRESS CONTROL NUMBER | |
| LC control number | 88004782 |
| 020 ## - INTERNATIONAL STANDARD BOOK NUMBER | |
| International Standard Book Number | 0816616582 : |
| 020 ## - INTERNATIONAL STANDARD BOOK NUMBER | |
| International Standard Book Number | 0816616590 (pbk.) : |
| 035 ## - SYSTEM CONTROL NUMBER | |
| System control number | (OCoLC)17649546 |
| 035 ## - SYSTEM CONTROL NUMBER | |
| System control number | (OCoLC)ocm17649546 |
| 035 ## - SYSTEM CONTROL NUMBER | |
| System control number | (NNC)4489091 |
| 050 0# - LIBRARY OF CONGRESS CALL NUMBER | |
| Classification number | HM24 |
| Item number | .A73 1988 |
| 090 ## - LOCALLY ASSIGNED LC-TYPE CALL NUMBER (OCLC); LOCAL CALL NUMBER (OCLC) | |
| Classification number (OCLC) (R) ; Classification number, CALL (RLIN) (NR) | HM24 |
| Local cutter number (OCLC) ; Book number/undivided call number, CALL (RLIN) | .A73 1988 |
| 100 1# - MAIN ENTRY--PERSONAL NAME | |
| Personal name | Aronowitz, Stanley. |
| 9 (RLIN) | 17562 |
| 245 10 - TITLE STATEMENT | |
| Title | Science as power : |
| Remainder of title | discourse and ideology in modern society / |
| Statement of responsibility, etc | Stanley Aronowitz. |
| 260 ## - PUBLICATION, DISTRIBUTION, ETC. (IMPRINT) | |
| Place of publication, distribution, etc | Minneapolis : |
| Name of publisher, distributor, etc | University of Minnesota Press, |
| Date of publication, distribution, etc | c1988. |
| 300 ## - PHYSICAL DESCRIPTION | |
| Extent | xii, 384 p. ; |
| Dimensions | 23 cm. |
| 500 ## - GENERAL NOTE | |
| General note | Includes index. |
| 504 ## - BIBLIOGRAPHY, ETC. NOTE | |
| Bibliography, etc | Bibliography: p. 355-374. |
| 650 #0 - SUBJECT ADDED ENTRY--TOPICAL TERM | |
| Topical term or geographic name as entry element | Sociology |
| General subdivision | Philosophy. |
| 9 (RLIN) | 13582 |
| 650 #0 - SUBJECT ADDED ENTRY--TOPICAL TERM | |
| Topical term or geographic name as entry element | Ideology. |
| 9 (RLIN) | 9080 |
| 650 #0 - SUBJECT ADDED ENTRY--TOPICAL TERM | |
| Topical term or geographic name as entry element | Science |
| General subdivision | Philosophy. |
| 9 (RLIN) | 17563 |
| 650 #0 - SUBJECT ADDED ENTRY--TOPICAL TERM | |
| Topical term or geographic name as entry element | Science |
| General subdivision | Social aspects. |
| 9 (RLIN) | 9989 |
| 650 #0 - SUBJECT ADDED ENTRY--TOPICAL TERM | |
| Topical term or geographic name as entry element | Discourse analysis. |
| 9 (RLIN) | 16007 |
| 942 ## - ADDED ENTRY ELEMENTS (KOHA) | |
| Source of classification or shelving scheme | Library of Congress Classification |
| Item type | Monograph ( Printed materials) |
| Withdrawn status | Lost status | Source of classification or shelving scheme | Damaged status | Not for loan | Collection code | Home library | Current library | Shelving location | Date acquired | Total Checkouts | Full call number | Barcode | Date last seen | Price effective from | Koha item type |
|---|---|---|---|---|---|---|---|---|---|---|---|---|---|---|---|
| Library of Congress Classification | Main Collection | ARRUPE LIBRARY | ARRUPE LIBRARY | Main Collection | 27/04/2015 | HM24 .A73 1988 | 46500004482 | 30/04/2018 | 27/04/2015 | Monograph ( Printed materials) |